| 000 | 00503nam a2200205Ia 4500 | ||
|---|---|---|---|
| 003 | OSt | ||
| 005 | 20230324152827.0 | ||
| 008 | 210423s2008 xx 000 0 und d | ||
| 020 | _a333921470 | ||
| 040 | _cAL | ||
| 041 | _aeng | ||
| 082 |
_a809 _223 _bSETV |
||
| 100 |
_aSETURAMAN (V S);others,Ed. _977577 |
||
| 245 | _aPractical criticism. | ||
| 260 |
_aNew Delhi _bMacmillan India Ltd _c2008 |
||
| 300 |
_a262 _bPB |
||
| 365 |
_b135 _cINR |
||
| 906 | _acriticism. ; Practical | ||
| 942 |
_2ddc _cBK |
||
| 999 |
_c155859 _d155859 |
||